000 00321nam a22001577a 4500
003 SGT
020 _a9780198085419
082 _a791.45
_bBEL
100 _aBELAVADI VASUKI
245 _aVIDEO PRODUCTION
250 _a2ND
260 _a INDIA
_c2023
_bOXFORD PUB.
300 _a408
650 _aBJMC
942 _2ddc
_cBK
999 _c32144
_d32144